[Event "Wch Seniors 50 31st"]
[Site "Terassini"]
[Date "2023.11.01"]
[Round "7"]
[White "Atalik, Suat"]
[Black "Minasian, Artashes"]
[Result "1-0"]
[WhiteElo "2427"]
[BlackElo "2462"]
[PlyCount "81"]
[EventDate "2023.10.25"]
[EventType "swiss"]
[EventRounds "11"]
[EventCountry "ITA"]
[SourceTitle "Mega2024 Update 01"]
[Source "Chessbase"]
[SourceDate "2023.11.12"]
[SourceVersion "1"]
[SourceVersionDate "2023.11.12"]
[SourceQuality "1"]

1. d4 Nf6 2. c4 e6 3. Nc3 Bb4 4. e3 Bxc3+ 5. bxc3 c5 6. Ne2 d6 7. Ng3 Nc6 8. Bd3 e5 9. 0-0 0-0 10. d5 Ne7 11. Qc2 Ng6 12. Bd2 Re8 13. f3 Bd7 14. Rfb1 Rb8 15. a4 Qa5 16. e4 h6 17. Nf5 Qc7 18. g3 Nf8 19. Re1 N6h7 20. h4 Ng6 21. Re2 Ne7 22. Rh2 Nxf5 23. exf5 a6 24. g4 b5 25. g5 bxc4 26. Be4 f6 27. Rg2 h5 28. Kh1 Re7 29. Rag1 Kh8 30. Qc1 Bxa4 31. gxf6 Nxf6 32. Bg5 Rf8 33. Bxf6 Rxf6 34. Rg6 Rxg6 35. fxg6 Qc8 36. Rg3 Kg8 37. Qg5 Kf8 38. Qxh5 Re8 39. Qh8+ Ke7 40. Qxg7+ Kd8 41. Qf7 1-0

[Event "ARM-ch rapid"]
[Site "Yerevan"]
[Date "2020.01.23"]
[Round "7"]
[White "Martirosyan, Haik M"]
[Black "Minasian, Artashes"]
[Result "1-0"]
[WhiteElo "2613"]
[BlackElo "2472"]
[PlyCount "51"]
[EventDate "2020.01.22"]
[EventType "swiss (rapid)"]
[EventRounds "9"]
[EventCountry "ARM"]
[SourceTitle "CBM 194 Extra"]
[Source "ChessBase"]
[SourceDate "2020.03.31"]
[SourceVersion "1"]
[SourceVersionDate "2020.03.31"]
[SourceQuality "1"]

1. e4 g6 2. d4 Bg7 3. Nf3 d6 4. Bc4 c6 5. 0-0 d5 6. Bb3 Bg4 7. h3 Bxf3 8. Qxf3 e6 9. c3 Nd7 10. Nd2 Ne7 11. Qe2 0-0 12. Nf3 a5 13. a4 dxe4 14. Qxe4 Nd5 15. Bc2 Qc7 16. Bg5 Rae8 17. Qh4 e5 18. Rad1 exd4 19. Nxd4 Ne5 20. Bb3 Nb6 21. f4 Nec4 22. f5 Ne3 23. Bxe3 Rxe3 24. f6 Bh8 25. Nf5 Rfe8 26. Bxf7+ 1-0

[Event "Wch Seniors 50 29th"]
[Site "Bucharest"]
[Date "2019.11.22"]
[Round "10"]
[White "Minasian, Artashes"]
[Black "Sturua, Zurab"]
[Result "0-1"]
[WhiteElo "2486"]
[BlackElo "2540"]
[PlyCount "74"]
[EventDate "2019.11.12"]
[EventType "swiss"]
[EventRounds "11"]
[EventCountry "ROU"]
[SourceTitle "CBM 193 Extra"]
[Source "ChessBase"]
[SourceDate "2020.01.31"]
[SourceVersion "1"]
[SourceVersionDate "2020.01.31"]
[SourceQuality "1"]

1. d4 d5 2. Bg5 h6 3. Bh4 c6 4. e3 Qb6 5. Nd2 Qxb2 6. Ngf3 e6 7. Bd3 Nd7 8. 0-0 Qa3 9. e4 Be7 10. e5 c5 11. Bxe7 Nxe7 12. dxc5 Nxc5 13. Nb3 Bd7 14. Nfd4 0-0 15. Re1 Nxd3 16. Qxd3 Rfc8 17. Re3 Ng6 18. Rf1 Qa6 19. Qd2 Rc4 20. f4 Rac8 21. c3 Rf8 22. Rf2 Rcc8 23. g4 f6 24. exf6 Rxf6 25. f5 exf5 26. gxf5 Nf8 27. Rg3 Qd6 28. Nc1 Nh7 29. Rfg2 Rf7 30. Rg6 Qe7 31. Nce2 Kh8 32. Nf4 Bxf5 33. Nxf5 Rxf5 34. Rxg7 Qe4 35. R2g4 Ng5 36. Rg6 Kh7 37. Qb2 Rxf4 0-1

[Event "ARM-chT"]
[Site "Yerevan"]
[Date "2018.06.09"]
[Round "2.3"]
[White "Minasian, Artashes"]
[Black "Ter Sahakyan, Samvel"]
[Result "1/2-1/2"]
[WhiteElo "2483"]
[BlackElo "2546"]
[PlyCount "45"]
[EventDate "2018.06.08"]
[EventType "team-tourn"]
[EventRounds "7"]
[EventCountry "ARM"]
[SourceTitle "CBM 184 Extra"]
[Source "ChessBase"]
[SourceDate "2018.06.28"]
[SourceVersion "1"]
[SourceVersionDate "2018.06.28"]
[SourceQuality "1"]
[WhiteTeam "Yerevan"]
[BlackTeam "Chessify"]
[WhiteTeamCountry "ARM"]
[BlackTeamCountry "ARM"]

1. Nf3 d5 2. b3 Bg4 3. Bb2 Bxf3 4. gxf3 Nf6 5. h4 Nc6 6. f4 g6 7. h5 Rg8 8. hxg6 hxg6 9. e3 Bg7 10. Bg2 Qd6 11. d4 e6 12. Nd2 Ne7 13. Qe2 a5 14. c4 c6 15. a4 Nf5 16. Ba3 Qc7 17. Rc1 Bf8 18. Bxf8 Kxf8 19. Qd3 Kg7 20. Ke2 Rh8 21. Nf3 Rxh1 22. Rxh1 Rh8 23. Rxh8 1/2-1/2

[Event "EU-ch 19th"]
[Site "Batumi"]
[Date "2018.03.26"]
[Round "9"]
[White "Martinovic, Sasa"]
[Black "Minasian, Artashes"]
[Result "1/2-1/2"]
[WhiteElo "2604"]
[BlackElo "2467"]
[PlyCount "27"]
[EventDate "2018.03.17"]
[EventType "swiss"]
[EventRounds "11"]
[EventCountry "GEO"]
[SourceTitle "CBM 184"]
[Source "ChessBase"]
[SourceDate "2018.05.16"]
[SourceVersion "1"]
[SourceVersionDate "2018.05.16"]
[SourceQuality "1"]

1. d4 d6 2. Nf3 g6 3. c4 Bg7 4. Nc3 e5 5. e4 Bg4 6. dxe5 dxe5 7. Qxd8+ Kxd8 8. Bg5+ f6 9. 0-0-0+ Nd7 10. Be3 c6 11. Be2 Ke7 12. h3 Bxf3 13. gxf3 Bh6 14. h4 1/2-1/2

[Event "EU-ch 19th"]
[Site "Batumi"]
[Date "2018.03.24"]
[Round "7"]
[White "Vavulin, Maksim"]
[Black "Minasian, Artashes"]
[Result "1/2-1/2"]
[WhiteElo "2583"]
[BlackElo "2467"]
[PlyCount "83"]
[EventDate "2018.03.17"]
[EventType "swiss"]
[EventRounds "11"]
[EventCountry "GEO"]
[SourceTitle "CBM 184"]
[Source "ChessBase"]
[SourceDate "2018.05.16"]
[SourceVersion "1"]
[SourceVersionDate "2018.05.16"]
[SourceQuality "1"]

1. e4 e6 2. d4 d5 3. Nd2 Be7 4. c3 dxe4 5. Nxe4 Qd5 6. Bd3 Nf6 7. Qe2 c5 8. dxc5 Nxe4 9. Bxe4 Qxc5 10. Nf3 Nd7 11. Bc2 Nf6 12. Be3 Qa5 13. Bd4 Bd7 14. Ne5 Bc6 15. a3 0-0 16. Nxc6 bxc6 17. 0-0 c5 18. Be5 Rad8 19. Rad1 Rxd1 20. Rxd1 Rd8 21. Rxd8+ Qxd8 22. Qd3 Qb6 23. b4 g6 24. h3 cxb4 25. cxb4 Nd5 26. Bb3 Bf6 27. Bg3 Bd4 28. Bxd5 exd5 29. b5 Qc5 30. a4 h5 31. a5 Qb4 32. Kh2 Kg7 33. h4 Qb2 34. Kg1 Qa1+ 35. Kh2 Qb2 36. Qf1 Qb4 37. Bc7 Bc5 38. g3 Qb2 39. Kg2 Kh7 40. Bd8 Qd2 41. Bc7 Qb2 42. Bd8 1/2-1/2

[Event "EU-ch 19th"]
[Site "Batumi"]
[Date "2018.03.21"]
[Round "5"]
[White "Demianjuk, Alexander"]
[Black "Minasian, Artashes"]
[Result "0-1"]
[WhiteElo "2313"]
[BlackElo "2467"]
[PlyCount "122"]
[EventDate "2018.03.17"]
[EventType "swiss"]
[EventRounds "11"]
[EventCountry "GEO"]
[SourceTitle "CBM 184"]
[Source "ChessBase"]
[SourceDate "2018.05.16"]
[SourceVersion "1"]
[SourceVersionDate "2018.05.16"]
[SourceQuality "1"]

1. d4 d6 2. Nf3 g6 3. c4 Bg7 4. Nc3 e5 5. d5 Nf6 6. e4 a6 7. h3 0-0 8. Bd3 b6 9. a4 Ra7 10. 0-0 c5 11. a5 bxa5 12. Bd2 Rb7 13. Qc2 Nh5 14. Ne2 Rb4 15. Kh2 f5 16. Bxb4 axb4 17. Ng3 Nf4 18. exf5 Nxd3 19. f6 Qxf6 20. Qxd3 Qf4 21. Qe4 Nd7 22. Qxf4 Rxf4 23. Nd2 Nf6 24. f3 Rd4 25. Nde4 Nxe4 26. Nxe4 Bf8 27. b3 Rd3 28. Rfb1 Kf7 29. g4 Ke7 30. Kg2 h5 31. Kf2 Bh6 32. g5 Bf8 33. Ke2 Rd4 34. h4 Kd8 35. Ke3 Kc7 36. Rd1 Rxd1 37. Rxd1 Bf5 38. Ra1 Kb6 39. Ra2 a5 40. f4 exf4+ 41. Kxf4 Be7 42. Nf6 Bb1 43. Re2 Bd8 44. Re6 Bc7 45. Ne4 Bc2 46. Ke3 Bxb3 47. Nxd6 Bxd6 48. Rxd6+ Kb7 49. Rxg6 Bxc4 50. Rc6 b3 51. Kd2 a4 52. g6 a3 53. g7 Bxd5 54. Rxc5 Bg8 55. Kc3 b2 56. Rb5+ Kc7 57. Rb4 Bh7 58. Rb5 Kd6 59. Rb8 Ke5 60. Rb7 Kf6 61. Rb6+ Kxg7 0-1

[Event "EU-ch 19th"]
[Site "Batumi"]
[Date "2018.03.18"]
[Round "2"]
[White "Minasian, Artashes"]
[Black "Kravtsiv, Martyn"]
[Result "1/2-1/2"]
[WhiteElo "2467"]
[BlackElo "2685"]
[PlyCount "74"]
[EventDate "2018.03.17"]
[EventType "swiss"]
[EventRounds "11"]
[EventCountry "GEO"]
[SourceTitle "CBM 184"]
[Source "ChessBase"]
[SourceDate "2018.05.16"]
[SourceVersion "1"]
[SourceVersionDate "2018.05.16"]
[SourceQuality "1"]

1. Nf3 Nf6 2. g3 d5 3. Bg2 e6 4. 0-0 c5 5. c4 d4 6. d3 Nc6 7. e3 Bd6 8. exd4 cxd4 9. Na3 0-0 10. Nc2 e5 11. Bg5 h6 12. Bxf6 Qxf6 13. Re1 a5 14. a3 Bg4 15. h3 Bf5 16. Rb1 Rac8 17. b4 axb4 18. Nxb4 Nxb4 19. axb4 b6 20. Qb3 Rc7 21. Nd2 Qg6 22. Ne4 Be7 23. Ra1 Rb8 24. Ra3 Be6 25. Qb1 Kh8 26. Nd2 f6 27. Qb2 Qf7 28. Rea1 Qf8 29. Ra8 Rcc8 30. Rxb8 Rxb8 31. Rb1 f5 32. Nf3 Bf6 33. Nxe5 Bxe5 34. Re1 Qd6 35. Qe2 Bxc4 36. Qxe5 Qxe5 37. Rxe5 Bxd3 1/2-1/2

[Event "EU-ch 19th"]
[Site "Batumi"]
[Date "2018.03.17"]
[Round "1"]
[White "Dubov, Daniil"]
[Black "Minasian, Artashes"]
[Result "1/2-1/2"]
[WhiteElo "2701"]
[BlackElo "2467"]
[PlyCount "67"]
[EventDate "2018.03.17"]
[EventType "swiss"]
[EventRounds "11"]
[EventCountry "GEO"]
[SourceTitle "CBM 184"]
[Source "ChessBase"]
[SourceDate "2018.05.16"]
[SourceVersion "1"]
[SourceVersionDate "2018.05.16"]
[SourceQuality "1"]

1. e4 c6 2. d4 d5 3. e5 Bf5 4. Nf3 e6 5. Be2 Nd7 6. 0-0 Ne7 7. Nbd2 Bg6 8. Re1 Nf5 9. Bd3 Be7 10. Nf1 Qb6 11. c3 c5 12. a4 a6 13. a5 Qc7 14. c4 dxc4 15. Bxf5 Bxf5 16. d5 exd5 17. Ne3 Be6 18. Nxd5 Qc6 19. Nxe7 Kxe7 20. Bg5+ Kf8 21. Qd2 h6 22. Bh4 Re8 23. Rad1 Kg8 24. Bg3 Nf8 25. Qc3 Ng6 26. Nd2 b5 27. axb6 Qxb6 28. Nxc4 Qb4 29. Qxb4 cxb4 30. Nd6 Ra8 31. Ra1 a5 32. Nb7 Kh7 33. Nxa5 Rhc8 34. b3 1/2-1/2

[Event "Yerevan Margaryan Memorial"]
[Site "Yerevan"]
[Date "2018.01.14"]
[Round "6"]
[White "Morozov, Nichita"]
[Black "Minasian, Artashes"]
[Result "0-1"]
[WhiteElo "2449"]
[BlackElo "2484"]
[PlyCount "62"]
[EventDate "2018.01.09"]
[EventType "tourn"]
[EventRounds "9"]
[EventCountry "ARM"]
[EventCategory "11"]
[SourceTitle "CBM 183"]
[Source "ChessBase"]
[SourceDate "2018.03.14"]
[SourceVersion "1"]
[SourceVersionDate "2018.03.14"]
[SourceQuality "1"]

1. d4 Nf6 2. c4 c5 3. d5 b5 4. Nd2 d6 5. e4 g6 6. b3 Bg7 7. Bb2 0-0 8. Ngf3 Qa5 9. e5 Ng4 10. Qc2 Bf5 11. Qc1 Nd7 12. Nh4 Bxe5 13. Nxf5 gxf5 14. Bxe5 dxe5 15. Be2 bxc4 16. bxc4 Ngf6 17. 0-0 Kh8 18. Qc2 f4 19. Bd3 Rab8 20. Bf5 Rg8 21. a3 Rg7 22. Nf3 e6 23. dxe6 fxe6 24. Be4 Rbg8 25. g3 Ng4 26. Qd2 Qc7 27. Qc3 Ndf6 28. Rae1 Nxh2 29. Kxh2 fxg3+ 30. fxg3 Rxg3 31. Qxe5 R3g5 0-1

[Event "Yerevan Margaryan Memorial"]
[Site "Yerevan"]
[Date "2018.01.12"]
[Round "4"]
[White "Mikaelyan, Arman"]
[Black "Minasian, Artashes"]
[Result "1-0"]
[WhiteElo "2495"]
[BlackElo "2484"]
[PlyCount "98"]
[EventDate "2018.01.09"]
[EventType "tourn"]
[EventRounds "9"]
[EventCountry "ARM"]
[EventCategory "11"]
[SourceTitle "CBM 183"]
[Source "ChessBase"]
[SourceDate "2018.03.14"]
[SourceVersion "1"]
[SourceVersionDate "2018.03.14"]
[SourceQuality "1"]

1. e4 c6 2. d4 d5 3. exd5 cxd5 4. c4 Nf6 5. Nc3 g6 6. cxd5 Bg7 7. Qb3 0-0 8. Nge2 Na6 9. g3 Qb6 10. Bg2 Rd8 11. 0-0 Qxb3 12. axb3 Nc7 13. Ra5 b6 14. Bf4 bxa5 15. Bxc7 Rd7 16. d6 exd6 17. Bxa8 Rxc7 18. Ra1 Bb7 19. Bxb7 Rxb7 20. Rxa5 Nd7 21. Kg2 Kf8 22. Rb5 Rc7 23. Kf3 Nb6 24. Ke4 Bf6 25. Nf4 Re7+ 26. Kd3 Re1 27. Ra5 Nc8 28. Ra6 Ke8 29. Nb5 Kd7 30. Nd5 Bg7 31. Ne3 Rb1 32. Nc4 d5 33. Nd2 Rh1 34. h4 Rh2 35. Ke2 Rh1 36. Nf1 Rg1 37. Ra1 h5 38. Ra6 Bh8 39. b4 Bg7 40. b3 Bh8 41. Nxa7 Bxd4 42. Nxc8 Kxc8 43. Rd6 Rg2 44. Ne3 Bxe3 45. Kxe3 Rg1 46. Rxd5 Rb1 47. Rd3 Rb2 48. f3 Rc2 49. Kf4 Rc6 1-0

[Event "Yerevan op 2nd"]
[Site "Yerevan"]
[Date "2017.09.26"]
[Round "8"]
[White "Pogosyan, Stefan"]
[Black "Minasian, Artashes"]
[Result "1/2-1/2"]
[WhiteElo "2349"]
[BlackElo "2492"]
[PlyCount "86"]
[EventDate "2017.09.19"]
[EventType "swiss"]
[EventRounds "9"]
[EventCountry "ARM"]
[SourceTitle "EXT 2018"]
[Source "ChessBase"]
[SourceDate "2017.10.13"]
[SourceVersion "1"]
[SourceVersionDate "2017.10.13"]
[SourceQuality "1"]

1. d4 b6 2. c4 Bb7 3. Nc3 e6 4. a3 f5 5. d5 Nf6 6. g3 Bd6 7. Nf3 Na6 8. Bg2 Nc5 9. Qc2 0-0 10. 0-0 exd5 11. Nd4 dxc4 12. Bxb7 Nxb7 13. Nxf5 Be5 14. Bg5 c6 15. Nd1 d5 16. e4 b5 17. f4 Qb6+ 18. Qf2 Nxe4 19. Qxb6 axb6 20. Ne7+ Kh8 21. fxe5 Nxg5 22. Nxc6 Rxf1+ 23. Kxf1 Na5 24. Nd4 Re8 25. Nc3 Rxe5 26. Ndxb5 Nf3 27. Rd1 Nxh2+ 28. Kg1 Ng4 29. Nxd5 h5 30. Nbc3 Kh7 31. Nxb6 Re3 32. Rd5 Rxg3+ 33. Kh1 Rh3+ 34. Kg2 Rxc3 35. Rxh5+ Kg6 36. Rxa5 Ne3+ 37. Kf3 Rb3 38. Na4 Nd1+ 39. Ke4 Nxb2 40. Nxb2 Rxb2 41. Kd4 Kh6 42. Kxc4 g5 43. Ra8 Rb7 1/2-1/2

[Event "Yerevan op 2nd"]
[Site "Yerevan"]
[Date "2017.09.25"]
[Round "7"]
[White "Minasian, Artashes"]
[Black "Tahbaz, Arash"]
[Result "1/2-1/2"]
[WhiteElo "2492"]
[BlackElo "2381"]
[PlyCount "26"]
[EventDate "2017.09.19"]
[EventType "swiss"]
[EventRounds "9"]
[EventCountry "ARM"]
[SourceTitle "EXT 2018"]
[Source "ChessBase"]
[SourceDate "2017.10.13"]
[SourceVersion "1"]
[SourceVersionDate "2017.10.13"]
[SourceQuality "1"]

1. e4 e5 2. Nf3 Nc6 3. Bb5 Nf6 4. d3 Bc5 5. 0-0 Nd4 6. Nxd4 Bxd4 7. c3 Bb6 8. d4 0-0 9. dxe5 Nxe4 10. Nd2 Nxd2 11. Bxd2 d6 12. Bf4 dxe5 13. Bxe5 Qxd1 1/2-1/2

[Event "EU-ch 18th"]
[Site "Minsk"]
[Date "2017.06.08"]
[Round "9"]
[White "Rozum, Ivan"]
[Black "Minasian, Artashes"]
[Result "1-0"]
[WhiteElo "2606"]
[BlackElo "2480"]
[PlyCount "55"]
[EventDate "2017.05.30"]
[EventType "swiss"]
[EventRounds "11"]
[EventCountry "BLR"]
[SourceTitle "CBM 179"]
[Source "ChessBase"]
[SourceDate "2017.07.12"]
[SourceVersion "1"]
[SourceVersionDate "2017.07.12"]
[SourceQuality "1"]

1. d4 d5 2. c4 e6 3. Nf3 c6 4. Nbd2 f5 5. g3 Nf6 6. Bg2 Bd6 7. 0-0 0-0 8. Ne5 c5 9. Ndf3 Nc6 10. cxd5 exd5 11. Bf4 cxd4 12. Rc1 Nxe5 13. Bxe5 Bxe5 14. Nxe5 Qb6 15. Rc2 f4 16. gxf4 Bf5 17. Rd2 Be4 18. Qb3 Bxg2 19. Kxg2 Qa6 20. Rc1 Rad8 21. Qd3 Qe6 22. Qf3 g5 23. Rxd4 gxf4 24. Qxf4 Rde8 25. Qg3+ Kh8 26. Rc7 Re7 27. Rxe7 Qxe7 28. Rh4 1-0

[Event "WchT Seniors 50"]
[Site "Hersonissos"]
[Date "2017.05.01"]
[Round "8.2"]
[White "Minasian, Artashes"]
[Black "Wagner Michel, Annett"]
[Result "1-0"]
[WhiteElo "2480"]
[BlackElo "2124"]
[PlyCount "95"]
[EventDate "2017.04.24"]
[EventType "team-swiss"]
[EventRounds "9"]
[EventCountry "GRE"]
[SourceTitle "CBM 178 Extra"]
[Source "ChessBase"]
[SourceDate "2017.06.22"]
[SourceVersion "1"]
[SourceVersionDate "2017.06.22"]
[SourceQuality "1"]
[WhiteTeam "Armenia"]
[BlackTeam "Germany (Women)"]
[WhiteTeamCountry "ARM"]
[BlackTeamCountry "GER"]

1. e4 c5 2. Nf3 Nc6 3. Bb5 g6 4. Bxc6 dxc6 5. d3 Bg7 6. h3 e5 7. Be3 b6 8. Qd2 h6 9. Nc3 Be6 10. 0-0-0 Ne7 11. g4 f6 12. Nh4 Bf7 13. Ne2 Qc7 14. f4 g5 15. fxg5 hxg5 16. Nf3 0-0-0 17. Ng3 Qd7 18. Qf2 Ng6 19. Nf5 Be6 20. h4 Nxh4 21. N3xh4 gxh4 22. Rxh4 Rxh4 23. Qxh4 Rh8 24. Qg3 Bxf5 25. exf5 Bh6 26. Bxh6 Rxh6 27. g5 fxg5 28. Qxg5 Qh7 29. Qg3 Rh1 30. Rxh1 Qxh1+ 31. Kd2 Qh6+ 32. Ke2 Qh8 33. Ke3 Qh1 34. Qxe5 Qe1+ 35. Kf4 Qh4+ 36. Kf3 Qh3+ 37. Kf2 Qh4+ 38. Ke2 Qg4+ 39. Kd2 Qb4+ 40. Ke2 Qg4+ 41. Ke1 Qh4+ 42. Kf1 Qh3+ 43. Ke2 Qg2+ 44. Kd1 Qg4+ 45. Kd2 Qb4+ 46. Kc1 Qd4 47. Qxd4 cxd4 48. Kd1 1-0

[Event "WchT Seniors 50"]
[Site "Hersonissos"]
[Date "2017.04.29"]
[Round "6.2"]
[White "Minasian, Artashes"]
[Black "Gruenfeld, Yehuda"]
[Result "0-1"]
[WhiteElo "2480"]
[BlackElo "2410"]
[PlyCount "82"]
[EventDate "2017.04.24"]
[EventType "team-swiss"]
[EventRounds "9"]
[EventCountry "GRE"]
[SourceTitle "CBM 178 Extra"]
[Source "ChessBase"]
[SourceDate "2017.06.22"]
[SourceVersion "1"]
[SourceVersionDate "2017.06.22"]
[SourceQuality "1"]
[WhiteTeam "Armenia"]
[BlackTeam "Ashdod"]
[WhiteTeamCountry "ARM"]
[BlackTeamCountry "ISR"]

1. e4 c5 2. f4 g6 3. Nf3 Bg7 4. d3 d6 5. g3 Nf6 6. Bg2 0-0 7. 0-0 Nc6 8. c3 Rb8 9. h3 b5 10. a3 a5 11. g4 b4 12. axb4 axb4 13. Be3 bxc3 14. bxc3 Nd7 15. d4 cxd4 16. cxd4 Nb4 17. Ne1 Ba6 18. Rf2 Nb6 19. Na3 e5 20. fxe5 dxe5 21. d5 Qd6 22. Rb2 Rfc8 23. Rab1 Nd7 24. Qa4 Bf8 25. Nac2 Nc5 26. Qa3 Ncd3 27. Rb3 Bc4 28. Rc3 Qd7 29. Qa7 Qxa7 30. Bxa7 Ra8 31. Nxd3 Na2 32. Rxc4 Rxc4 33. Nxe5 Rxc2 34. Be3 Nc3 35. Re1 Re8 36. Nd7 Bg7 37. Bg5 Nxd5 38. Rf1 h6 39. Bc1 Nc3 40. Bf3 Bd4+ 41. Kh1 Rd8 0-1

[Event "WchT Seniors 50"]
[Site "Hersonissos"]
[Date "2017.04.25"]
[Round "2.2"]
[White "Minasian, Artashes"]
[Black "Jakel, Wolfgang"]
[Result "1-0"]
[WhiteElo "2480"]
[BlackElo "2218"]
[PlyCount "101"]
[EventDate "2017.04.24"]
[EventType "team-swiss"]
[EventRounds "9"]
[EventCountry "GRE"]
[SourceTitle "CBM 178 Extra"]
[Source "ChessBase"]
[SourceDate "2017.06.22"]
[SourceVersion "1"]
[SourceVersionDate "2017.06.22"]
[SourceQuality "1"]
[WhiteTeam "Armenia"]
[BlackTeam "Offenbach"]
[WhiteTeamCountry "ARM"]
[BlackTeamCountry "GER"]

1. g3 d5 2. Bg2 c5 3. c4 d4 4. Nf3 Nc6 5. 0-0 e5 6. d3 Nf6 7. e3 Be7 8. exd4 exd4 9. Bf4 0-0 10. Ne5 Nxe5 11. Bxe5 Bd6 12. Bxf6 Qxf6 13. Nd2 Re8 14. Ne4 Qd8 15. Re1 Be6 16. h4 Be7 17. Qh5 Rc8 18. Re2 h6 19. Rae1 Qd7 20. Bf3 Bf5 21. Nf6+ Bxf6 22. Rxe8+ Rxe8 23. Rxe8+ Qxe8 24. Qxf5 b6 25. Be4 Kf8 26. Qd5 g6 27. a3 Qe7 28. h5 gxh5 29. Qxh5 Bg7 30. Bd5 Qf6 31. b4 Qg6 32. Qf3 cxb4 33. axb4 Be5 34. c5 bxc5 35. bxc5 a5 36. Bc4 Kg7 37. Qd5 Qf6 38. c6 Qe7 39. Qxa5 Bc7 40. Qd5 Bb6 41. Kg2 Kg6 42. Bb3 Kg7 43. Qf3 Kg6 44. Qg4+ Kh7 45. Bd5 Kh8 46. Be4 Qe5 47. Qd7 Kg7 48. Bd5 Qc7 49. Qe8 Qa7 50. Qe5+ Kg8 51. Qf6 1-0

[Event "ARM-ch rapid"]
[Site "Yerevan"]
[Date "2016.01.24"]
[Round "1"]
[White "Khachatryan, Vahagn"]
[Black "Minasian, Artashes"]
[Result "1-0"]
[WhiteElo "2283"]
[BlackElo "2480"]
[PlyCount "105"]
[EventDate "2016.01.24"]
[EventType "swiss (rapid)"]
[EventRounds "8"]
[EventCountry "ARM"]
[SourceTitle "CBM 170 Extra"]
[Source "ChessBase"]
[SourceDate "2016.02.25"]
[SourceVersion "1"]
[SourceVersionDate "2016.02.25"]
[SourceQuality "1"]

1. d4 Nf6 2. Nf3 c5 3. c3 g6 4. Bf4 Qb6 5. Qb3 Bg7 6. e3 0-0 7. Bd3 d6 8. Nbd2 Be6 9. Qa3 Nc6 10. 0-0 cxd4 11. exd4 h6 12. Bc4 Bxc4 13. Nxc4 Qb5 14. Qb3 Qa6 15. Rfe1 Rfe8 16. a4 Rac8 17. Nfd2 b6 18. Qb5 Qb7 19. a5 d5 20. Ne5 Nh5 21. Nxc6 Nxf4 22. Nb4 e6 23. axb6 axb6 24. Ra6 Qe7 25. Nf3 Qf6 26. Nd3 Nh3+ 27. Kf1 Qf5 28. Re3 Nf4 29. Nxf4 Qxf4 30. Rxb6 Qf5 31. Qd3 Qf4 32. g3 Qf6 33. Ne5 Qd8 34. Rb7 Rc7 35. Qb5 Rf8 36. Rf3 Rxb7 37. Qxb7 Bxe5 38. dxe5 Qg5 39. Re3 Qg4 40. Kg2 h5 41. h3 Qd1 42. b4 h4 43. g4 d4 44. cxd4 Qxd4 45. b5 Kg7 46. b6 Rd8 47. Rf3 Rd7 48. Qc6 Re7 49. Qd6 Qxd6 50. exd6 Rb7 51. Rd3 e5 52. d7 e4 53. Rd6 1-0